000 00547nam a22001817a 4500
005 20231113124519.0
008 231113b |||||||| |||| 00| 0 eng d
020 _a0409032611
041 _aAfrikaans
082 _a345.5 HIE
100 _aHiemstra, VG
_lAfrikaans
245 _aSuid-Afrikaanse Strafproses /
_cVG Hiemstra
250 _aDerde Uitgawe
260 _aDurban :
_bButterworth en Kie (Edms) Bpk,
_c1981
300 _blxviii, 883 pages ;
_c25,5 cm.
650 _aLegal practice
_bLaw
942 _cBK
_6ALISON_BN_VRIES
999 _c569
_d569